| 000 | 00921nam0a22002651 4500 | ||
|---|---|---|---|
| 001 | rc\4598326 | ||
| 005 | 20260406120158.0 | ||
| 021 |
_aRU _b68-20733 |
||
| 021 |
_aRU _bРг3087-68 |
||
| 035 | _a(NLR Aleph) 008387188 | ||
| 090 |
_a9154527 _c9154527 |
||
| 100 | _a20130416d1967 |||y0rusy50 ca | ||
| 101 | 0 | _arus | |
| 102 | _aRU | ||
| 105 | _aa z ||||| | ||
| 200 | 1 |
_aМикроавтобус "Латвия" _eРуководство по эксплуатации _fСССР. М-во автомоб. пром-сти. Рижский опыт. автобусный з-д "РАФ" |
|
| 205 | _a2-е изд. | ||
| 210 |
_aРига _cБ. и. _d1967 |
||
| 215 |
_a154 с., 1 л. схем. _cил. _d21 |
||
| 712 | 0 | 2 |
_aРижский завод автобусных кузовов _3RU\NLR\AUTH\8812566 _9297952 |
| 801 | 0 |
_aRU _bNLR _gpsbo |
|
| 801 | 1 |
_aRU _bELAR _2rusmarc |
|
| 852 |
_aNLR _j68-3/2596 |
||
| 942 | _cBOOK | ||
| 980 | _aNB | ||